Ukrajina opäť vrie

Demonštrácie na Ukrajine a tlak na vládu a prezidenta, aby sa Ukrajina neodklonila od eurointegrácie. Pozastavenie prípravy na podpis asociačnej dohody a dohody o rozsiahlej komplexnej zóne voľného obchodu (DCFTA) medzi Ukrajinou a EÚ. Tlak z Kremľa. Demonštrácie s početnou prevahou stúpencov proeur...

Ausführliche Beschreibung

Gespeichert in:
Bibliographische Detailangaben
1. Verfasser: Pressburg, Adrian Peter
Format: Buchkapitel
Sprache:Slowakisch
Schlagworte:
Tags: Tag hinzufügen
Keine Tags, Fügen Sie das erste Tag hinzu!

MARC

LEADER 00000naa a2200000 4500
001 0179454
005 20231113081317.3
041 0 |a slo 
044 |a SK 
245 1 0 |a Ukrajina opäť vrie  |c Adrian Peter Pressburg 
520 |a Demonštrácie na Ukrajine a tlak na vládu a prezidenta, aby sa Ukrajina neodklonila od eurointegrácie. Pozastavenie prípravy na podpis asociačnej dohody a dohody o rozsiahlej komplexnej zóne voľného obchodu (DCFTA) medzi Ukrajinou a EÚ. Tlak z Kremľa. Demonštrácie s početnou prevahou stúpencov proeurópskej opozície. 
610 2 0 |a integrácia ekonomická medzinárodná 
610 2 0 |a politika vnútorná 
610 2 0 |a politika zahraničná 
610 2 0 |a vzťahy medzinárodné 
610 2 0 |a Ukrajina 
610 2 0 |a Európska únia 
100 1 |a Pressburg, Adrian Peter